000 01431nam a2200385Ia 4500
001 biology00solo
003 CaSfIA
005 20230525154556.0
007 cr||||
008 930706s1993 txu 001 0 eng d
010 _a 92050827
040 _aOUB
_cOUB
_dBAKER
_dCaSfIA
020 _a0030727960
020 _a9780030727962
035 _a(OCoLC)28387744
050 4 _aQH308.2
_b.S62 1993
082 4 _a574
_220
100 1 _aSolomon, Eldra Pearl.
245 1 0 _aBiology /
_h[electronic resource]
_cEldra Pearl Solomon ... [et al.].
250 _a3rd ed.
260 _aFort Worth :
_bSaunders College Pub.,
_cc1993.
300 _axxxi, [1274] p. :
_bill. (some col.) ;
_c28 cm.
500 _aRev. ed. of: Biology / Claude A. Villee, Eldra Pearl Solomon, P. William Davis. c1985.
504 _aIncludes bibliographical references and index.
505 0 _apt. 1. The organization of life -- pt. 2. Energy in living systems -- pt. 3. The continuity of life: genetics.
650 0 _aBiology.
700 1 _aVillee, Claude Alvin,
_d1917-
_tBiology.
700 1 _aBerg, Linda.
700 1 _aMartin, Diana W.
856 4 1 _uhttp://www.archive.org/details/biology00solo
_zFree eBook from the Internet Archive
856 4 2 _uhttp://www.openlibrary.org/books/OL1743578M
_zAdditional information and access via Open Library
029 1 _aNZ1
_b4755053
029 1 _aAU@
_b000010246766
029 1 _aAU@
_b000011953342
999 _c15647
_d15647